Normal view
MARC view
- Project Supervisor Dr. Tariq Talha Mr. Saad Ahmed Siddiqui
Entry Corporate Name
001 - CONTROL NUMBER
- control field: 85651
003 - CONTROL NUMBER IDENTIFIER
- control field: NUST
005 - DATE AND TIME OF LATEST TRANSACTION
- control field: 20211203144801.0
008 - FIXED-LENGTH DATA ELEMENTS
- fixed length control field: 211203|| aca||aabn | a|a d
040 ## - CATALOGING SOURCE
- Original cataloging agency: NUST
- Transcribing agency: NUST
110 ## - HEADING--CORPORATE NAME
- Corporate name or jurisdiction name as entry element: Project Supervisor Dr. Tariq Talha Mr. Saad Ahmed Siddiqui
670 ## - SOURCE DATA FOUND
- Source citation: Work cat.: (NUST): Zahid Ali Syed Osama Safdar Bukhari Hassan Ahmad 85650, PR-SOF-2055-CFD Analysis of Compressor Rotor Used in Turbo Machineries and Optimization of Manufacturing Process Parameters, 2021.
